New York Yankees Quiz-Sudden Death - Statistics

General Stats
  • This quiz has been taken 54 times
  • The average score is 8 of 9
Answer Stats
Question Tile Select % Correct
Which played for the Yankees? Aaron Judge Yes
97%
Which played for the Yankees? Babe Ruth Yes
97%
Which played for the Yankees? Bryce Harper No
97%
Which played for the Yankees? Joe DiMaggio Yes
97%
Which played for the Yankees? Jackie Robinson No
95%
Which played for the Yankees? Larry Walker No
89%
Which played for the Yankees? Ichiro Yes
84%
Which played for the Yankees? Craig Nettles Yes
68%
Which played for the Yankees? Cecil Fielder No
54%
No matching quizzes found
Score Distribution
Percent of People with Each Score
Percentile by Number Answered
Your Score History
You have not taken this quiz